000 00756nam a2200289Ia 4500
005 20260324112316.0
008 008 260324s9999 xx 000 0 eng d
020 _a9781003471462
037 _aEBOOK
040 _aCRL
040 _beng
040 _cCRL
041 _2eng
041 _aeng
084 _qCRL
100 _aMary Gallucci
_91142157
245 0 _aPerforming Witchcraft, Exorcism, and Abortion on the Italian Renaissance Stage
245 4 _bThe Witch and The Possessed Girl by Antonfrancesco Grazzini
260 _bTaylor and Francis
260 _c2024
365 _a
365 _b220
856 _uhttp://www.taylorfrancis.com/books/9781003471462
942 _cEBOOK
999 _c1731311
_d1731311